000 00702nam a2200241Ia 4500
003 OSt
005 20220924115240.0
006 a|||||r|||| 00| 0
007 ta
008 220923b |||||||| |||| 00| 0 urd d
024 _a261469
037 _cTextual
040 _aARTS
_cARTS
_burd
041 _2urd
_aurd
082 _aY7, 168H0
100 _aUsmani Mohammad Nasir Au.
_9177406
245 0 _aMukalmat-e-science
_byani zindagi aur insan ki takhleeq per dilchasp mukalme
260 _aDelhi
_bAnjuman taraqqi urdu India
_c1940
300 _a284p.
_ccm.
650 _aSOCIOLOGY
942 _hY7, 168H0
_cTEXL
_2CC
999 _c397449
_d397449